00357nam a2200145Ia 4500008004100000020001800041082001500059100001600074245003800090250000600128260002500134300001300159500002500172650001400197230524s9999 xx 000 0 und d a9788120329010 a621.8bSHA aC. S.Sharma 0aTheory of Mechanisms and Machines a4 aNew DelhibPHIc2011 axi.706p: aQuantity Number: 10 aMechanics